<?xml version="1.0" encoding="UTF-8"?>
<record
    xmlns:xsi="http://www.w3.org/2001/XMLSchema-instance"
    xsi:schemaLocation="http://www.loc.gov/MARC21/slim http://www.loc.gov/standards/marcxml/schema/MARC21slim.xsd"
    xmlns="http://www.loc.gov/MARC21/slim">

  <leader>00736nam a22001697a 4500</leader>
  <controlfield tag="008">150714b        xxu||||| |||| 00| 0 eng d</controlfield>
  <datafield tag="020" ind1=" " ind2=" ">
    <subfield code="a">9781405844239</subfield>
  </datafield>
  <datafield tag="050" ind1=" " ind2=" ">
    <subfield code="a">QA 11.154 .Ex96h7 2009</subfield>
  </datafield>
  <datafield tag="100" ind1=" " ind2=" ">
    <subfield code="a">Straker, Anita </subfield>
  </datafield>
  <datafield tag="245" ind1=" " ind2=" ">
    <subfield code="a">Exploring maths 7 : home book </subfield>
    <subfield code="b"> home book /</subfield>
    <subfield code="c">edited by Anita Straker.</subfield>
  </datafield>
  <datafield tag="260" ind1=" " ind2=" ">
    <subfield code="a">Great Britain, Scotprint :</subfield>
    <subfield code="b">Pearson Longman,</subfield>
    <subfield code="c">c2009.</subfield>
  </datafield>
  <datafield tag="300" ind1=" " ind2=" ">
    <subfield code="a">124 pages.:</subfield>
    <subfield code="b">color illustrations.;</subfield>
    <subfield code="c">28 cm.</subfield>
  </datafield>
  <datafield tag="520" ind1=" " ind2=" ">
    <subfield code="a">its about the powers and roots, functions and graph, equations and formula, 2D and 3D shapes,</subfield>
  </datafield>
  <datafield tag="650" ind1=" " ind2=" ">
    <subfield code="a">Fractions  -- Mathematics., Probabilities -- Mathematics </subfield>
    <subfield code="x">Mathematics </subfield>
  </datafield>
  <datafield tag="700" ind1=" " ind2=" ">
    <subfield code="a">Fisher, Tony., Hyde, Rosalyn., Jennings, Sue., Longstaffe, Jonathan.,  </subfield>
  </datafield>
  <datafield tag="942" ind1=" " ind2=" ">
    <subfield code="2">lcc</subfield>
    <subfield code="c">BK</subfield>
  </datafield>
  <datafield tag="999" ind1=" " ind2=" ">
    <subfield code="c">288296</subfield>
    <subfield code="d">288296</subfield>
  </datafield>
  <datafield tag="952" ind1=" " ind2=" ">
    <subfield code="0">0</subfield>
    <subfield code="1">0</subfield>
    <subfield code="2">lcc</subfield>
    <subfield code="4">0</subfield>
    <subfield code="a">LUX</subfield>
    <subfield code="b">LUX</subfield>
    <subfield code="c">TR</subfield>
    <subfield code="d">2015-07-14</subfield>
    <subfield code="e">Library Fund </subfield>
    <subfield code="l">0</subfield>
    <subfield code="o">QA 11.154 .Ex96h7 2009</subfield>
    <subfield code="p">20080</subfield>
    <subfield code="r">2015-07-14 00:00:00</subfield>
    <subfield code="w">2015-07-14</subfield>
    <subfield code="y">BK</subfield>
    <subfield code="z">Be Amazing. Be Southville!</subfield>
  </datafield>
  <datafield tag="952" ind1=" " ind2=" ">
    <subfield code="0">0</subfield>
    <subfield code="1">0</subfield>
    <subfield code="2">lcc</subfield>
    <subfield code="4">0</subfield>
    <subfield code="a">LUX</subfield>
    <subfield code="b">LUX</subfield>
    <subfield code="c">TR</subfield>
    <subfield code="d">2015-07-14</subfield>
    <subfield code="e">Library Fund </subfield>
    <subfield code="l">0</subfield>
    <subfield code="o">QA 11.154 .Ex96h7 2009</subfield>
    <subfield code="p">20081</subfield>
    <subfield code="r">2015-07-14 00:00:00</subfield>
    <subfield code="w">2015-07-14</subfield>
    <subfield code="y">BK</subfield>
    <subfield code="z">Be Amazing. Be Southville!</subfield>
  </datafield>
  <datafield tag="952" ind1=" " ind2=" ">
    <subfield code="0">0</subfield>
    <subfield code="1">0</subfield>
    <subfield code="2">lcc</subfield>
    <subfield code="4">0</subfield>
    <subfield code="a">LUX</subfield>
    <subfield code="b">LUX</subfield>
    <subfield code="c">TR</subfield>
    <subfield code="d">2015-07-14</subfield>
    <subfield code="e">Library Fund </subfield>
    <subfield code="l">0</subfield>
    <subfield code="o">QA 11.154 .Ex96h7 2009</subfield>
    <subfield code="p">20082</subfield>
    <subfield code="r">2015-10-16 00:00:00</subfield>
    <subfield code="w">2015-07-14</subfield>
    <subfield code="y">BK</subfield>
    <subfield code="z">Be Amazing. Be Southville!</subfield>
  </datafield>
</record>
